<?xml version="1.0" encoding="UTF-8"?><?xml-stylesheet type="text/xsl" href="static/style.xsl"?><OAI-PMH xmlns="http://www.openarchives.org/OAI/2.0/" xmlns:xsi="http://www.w3.org/2001/XMLSchema-instance" xsi:schemaLocation="http://www.openarchives.org/OAI/2.0/ http://www.openarchives.org/OAI/2.0/OAI-PMH.xsd"><responseDate>2026-06-02T10:59:02Z</responseDate><request verb="GetRecord" identifier="oai:riuma.uma.es:10630/18570" metadataPrefix="marc">https://riuma.uma.es/rest/oai/request</request><GetRecord><record><header><identifier>oai:riuma.uma.es:10630/18570</identifier><datestamp>2026-02-03T12:41:49Z</datestamp><setSpec>com_10630_2254</setSpec><setSpec>col_10630_37957</setSpec></header><metadata><record xmlns="http://www.loc.gov/MARC21/slim" xmlns:dcterms="http://purl.org/dc/terms/" xmlns:doc="http://www.lyncode.com/xoai" xmlns:xsi="http://www.w3.org/2001/XMLSchema-instance" xsi:schemaLocation="http://www.loc.gov/MARC21/slim http://www.loc.gov/standards/marcxml/schema/MARC21slim.xsd">
   <leader>00925njm 22002777a 4500</leader>
   <datafield ind2=" " ind1=" " tag="042">
      <subfield code="a">dc</subfield>
   </datafield>
   <datafield ind2=" " ind1=" " tag="720">
      <subfield code="a">Alajeel, Abdulmuhsen</subfield>
      <subfield code="e">author</subfield>
   </datafield>
   <datafield ind2=" " ind1=" " tag="260">
      <subfield code="c">2019-10</subfield>
   </datafield>
   <datafield ind2=" " ind1=" " tag="520">
      <subfield code="a">Actualmente la publicidad online representa un interés prioritario para una gran cantidad de empresarios de pequeñas y medianas empresas (PYMES) en todo el mundo y, para lo que afecta a nuestro campo de estudio, en las PYMES kuwaitíes. Esta investigación tratará de describir la función y los efectos del marketing online a través de las principales plataformas digitales de la actualidad, en términos de éxito para el negocio de las empresas, pero también en relación con su impacto en la vida de las personas en Kuwait, país –por cierto- representativo y paradigmático del Oriente Próximo.&#xd;
Con este propósito, la investigación recoge información y describe el contexto de marketing en Kuwait a través de diversas metodologías. Entre ellas, el estudio incluye una serie de entrevistas con profesionales del marketing online, además de un cuestionario a empresarios que trabajan en este ámbito. Ambas metodologías ponen de manifiesto la importancia de la publicidad digital y su influencia como factor de cambio y expansión en las comunicaciones comerciales, también en este país de Oriente Próximo, aunque con sus especificidades derivadas de la cultura en la que se gestionan comercialmente las tecnologías y plataformas digitales.</subfield>
   </datafield>
   <datafield ind1="8" ind2=" " tag="024">
      <subfield code="a">https://hdl.handle.net/10630/18570</subfield>
   </datafield>
   <datafield tag="653" ind2=" " ind1=" ">
      <subfield code="a">Publicidad - Tesis doctorales</subfield>
   </datafield>
   <datafield ind2="0" ind1="0" tag="245">
      <subfield code="a">Online advertising and Small and Medium Enterprises (SMEs) in Kuwait (2017)</subfield>
   </datafield>
</record>
</metadata></record></GetRecord></OAI-PMH>